00533nam a22001577a 4500003000400000008004100004020001800045082002000063100002100083245013500104260004300239300001700282650002500299650002500324650002600349OSt240515b1999 |||||||| |||| 00| 0 eng d a9780070534070 a658.4012bRAS-M aRasiel, Ethan M. aThe mckinsey way :busing the techniques of the world's top strategic consultants to help you and your business/cEthan M. Rasiel. aDelhi :bMcGraw Hill Education,c1999. axv, 187 p. ; aMckinsey and company aBusiness consultants aIndustrial management